| 000 | 00655nam a2200193 i 4500 | ||
|---|---|---|---|
| 001 | 51057 | ||
| 003 | ES-MaACL | ||
| 005 | 20230906162304.0 | ||
| 007 | t| | ||
| 008 | 030808s1909 fr ||||1| fre d | ||
| 100 | 1 |
_aChantemesse, André. _937984 |
|
| 245 | 1 | 0 |
_aTraité d'hygiène maritime _b: . Première parte : l'hygiène dans la navigation de commerce / _cpar André Chamtemesse, F. Borel et J. Dupuy. |
| 260 |
_aParis : _bOctave Doin, _c1909 ( _eEvreux : _fCh. Herissey) |
||
| 300 |
_aXIII, 635 p. : _bil. ; _c25 cm. |
||
| 650 | 4 |
_aHigiene naval. _9150957 |
|
| 700 | 1 |
_aBorel, F. _930429 |
|
| 700 | 1 |
_aDupuy, J. _946136 |
|
| 852 |
_aES-MaACL _jC-7157 |
||
| 999 |
_c51057 _d51057 |
||